000 00539cam a2200205ua 4500
001 11941
005 20260515114822.0
008 191204n ii |||gr||||Z||||||eng
020 _a9788184555318
040 _cMAIN
082 _a362.10954
100 _aRajesh Rajan,
_eEditor.
245 _aCaste system and social evils
_cEdited by Rajesh Rajan
250 _a1st ed.
260 _aNew Delhi:
_bOmega Publications,
_c2014.
300 _a288p.
653 _aSocial welfare problems & services
653 _aCaste system
942 _cBK
999 _c10716
_d10716